Los parlamentos de Europa y el Parlamento Europeo / (Record no. 13302)

MARC details
000 -LEADER
campo de control de longitud fija 00991nam a2200277 i 4500
001 - NÚMERO DE CONTROL
campo de control 13302
003 - IDENTIFICADOR DE NÚMERO DE CONTROL
campo de control ES-MaACL
005 - FECHA Y HORA DE LA ÚLTIMA TRANSACCIÓN
campo de control 20230906150537.0
007 - CAMPO FIJO DE DESCRIPCIÓN FÍSICA--INFORMACIÓN GENERAL
campo de control de longitud fija t|
008 - DATOS DE LONGITUD FIJA--INFORMACIÓN GENERAL
campo de control de longitud fija 980127s1997 sp ||||1| spa d
020 ## - NÚMERO INTERNACIONAL ESTÁNDAR DEL LIBRO
Número Internacional Estándar del Libro 84-8198-205-9
080 ## - NÚMERO DE LA CLASIFICACIÓN DECIMAL UNIVERSAL
Número de la Clasificación Decimal Universal 342.53(4-672 CE)
080 ## - NÚMERO DE LA CLASIFICACIÓN DECIMAL UNIVERSAL
Número de la Clasificación Decimal Universal 342.53(4)
245 04 - MENCIÓN DEL TÍTULO
Título Los parlamentos de Europa y el Parlamento Europeo /
Mención de responsabilidad, etc. José María Gil-Robles Gil-Delgado (dir) ; Enrique Arnaldo Alcubilla (coord.) ; Isabel María Abellán Matesanz...[et al.].
250 ## - MENCION DE EDICION
Mención de edición 1ª ed.
260 ## - PUBLICACIÓN, DISTRIBUCIÓN, ETC.
Lugar de publicación, distribución, etc. Madrid :
Nombre del editor, distribuidor, etc. Partido Popular Europeo,
Fecha de publicación, distribución, etc. 1997.
300 ## - DESCRIPCIÓN FÍSICA
Extensión 324 p. ;
Dimensiones 25 cm.
650 14 - PUNTO DE ACCESO ADICIONAL DE MATERIA--TÉRMINO DE MATERIA
Término de materia o nombre geográfico como elemento de entrada Parlamentos-
Subdivisión geográfica Países de la Unión Europea.
9 (RLIN) 15843
650 14 - PUNTO DE ACCESO ADICIONAL DE MATERIA--TÉRMINO DE MATERIA
Término de materia o nombre geográfico como elemento de entrada Parlamento Europeo.
9 (RLIN) 15839
700 1# - ENTRADA AGREGADA--NOMBRE PERSONAL
Nombre de persona Gil-Robles Gil-Delgado, José María.
9 (RLIN) 56870
700 1# - ENTRADA AGREGADA--NOMBRE PERSONAL
Nombre de persona Arnaldo Cubilla, Enrique.
9 (RLIN) 23040
700 1# - ENTRADA AGREGADA--NOMBRE PERSONAL
Nombre de persona Abellán Matesanz, Isabel María,
9 (RLIN) 18067
710 2# - ENTRADA AGREGADA--NOMBRE DE ENTIDAD CORPORATIVA
Nombre de entidad corporativa o nombre de jurisdicción como elemento de entrada Partido Popular Europeo.
9 (RLIN) 6148
852 ## - LOCALIZACIÓN
Ubicación ES-MaACL
Número de control de estantería L-20603
Sublocalización o colección R.126330
Holdings
Estatus retirado Estado de pérdida Estado de daño No para préstamo Biblioteca de origen Biblioteca actual Ubicación en estantería Fecha de adquisición Fuente de adquisición Total de préstamos Signatura topográfica completa Código de barras Visto por última vez Precio de reemplazo Tipo de ítem Koha
        Biblioteca del Ateneo de Madrid Biblioteca del Ateneo de Madrid Depósito 2 17/01/2008     L-20603 1013545 23/02/2023 23/02/2023 Libro impreso